书目信息 |
| 题名: |
计算机图形软件手册
|
|
| 作者: | 李雪生 编著 | |
| 分册: | ||
| 出版信息: | 成都 四川科学技术出版社 1998.01 |
|
| 页数: | 160页 | |
| 开本: | 16开 | |
| 丛书名: | ||
| 单 册: | ||
| 中图分类: | TP391.72 | |
| 科图分类: | ||
| 主题词: | 计算机应用 | |
| 电子资源: | ||
| ISBN: | 7-5364-3634-3 | |
| 000 | 00576nam0 2200193 45 | |
| 001 | 0010021516 | |
| 005 | 20001002152350.9 | |
| 010 | @a7-5364-3634-3@d14.00元 | |
| 100 | @a20001002d1998 km y0chiy0120 ea | |
| 101 | 0 | @achi |
| 105 | @a z 000yy | |
| 200 | 1 | @a计算机图形软件手册@AJi Suan Ji Tu Xing Ruan Jian Shou Ce@f李雪生 编著@FLi Xue Sheng Bian Zhu |
| 210 | @a成都@c四川科学技术出版社@d1998.01 | |
| 215 | @a160页@d16开 | |
| 606 | 0 | @a计算机应用 |
| 690 | @aTP391.72@v3 | |
| 701 | 0 | @a李雪生@4编著 |
| 801 | @aCN@bPftUser@c20001002 | |
| 905 | @b162157-166@dTP391.72@eL798@f10 | |
| 计算机图形软件手册/李雪生 编著.-成都:四川科学技术出版社,1998.01 |
| 160页;16开 |
| ISBN 7-5364-3634-3:14.00元 |
| ● |
| 相关链接 |
|
|
|
正题名:计算机图形软件手册
索取号:TP391.72/L798
 
预约/预借
| 序号 | 登录号 | 条形码 | 馆藏地/架位号 | 状态 | 备注 |
| 1 | 162157 | 201621575 | 自科二线504/504自科库 2排3列3层/ [索取号:TP391.72/L798] | 在馆 | |
| 2 | 162158 | 201621584 | 自科库301/404自科库 12排6列2层/ [索取号:TP391.72/L798] | 在馆 | |
| 3 | 162159 | 201621593 | 自科二线504/504自科库 2排4列2层/ [索取号:TP391.72/L798] | 在馆 | |
| 4 | 162160 | 201621600 | 自科二线504/504自科库 2排4列2层/ [索取号:TP391.72/L798] | 在馆 | |
| 5 | 162161 | 201621619 | 自科二线504/504自科库 2排4列2层/ [索取号:TP391.72/L798] | 在馆 | |
| 6 | 162162 | 201621628 | 自科二线504/504自科库 5排1列4层/ [索取号:TP391.72/L798] | 在馆 | |
| 7 | 162163 | 201621637 | 自科二线504/504自科库 2排4列2层/ [索取号:TP391.72/L798] | 在馆 | |
| 8 | 162164 | 201621646 | 自科二线504/504自科库 2排4列2层/ [索取号:TP391.72/L798] | 在馆 | |
| 9 | 162165 | 201621655 | 自科二线504/504自科库 2排3列3层/ [索取号:TP391.72/L798] | 在馆 | |
| 10 | 162166 | 201621664 | 自科二线504/504自科库 5排1列4层/ [索取号:TP391.72/L798] | 在馆 |